00620nam a2200217Ia 4500003000900000008004100009040001300050040001300063041000800076100001900084245002800103250001200131260002100143260000900164300000800173490001300181490000600194942000700200999001300207952018200220IT-RoPAU120407s9999 xx 000 0 und d aIT-RoPAU cIT-RoPAU aita aPierre Dufoyer aL’uomo nel matrimonio aMilano  aEdizioni Paoline c1957 c cm aFamiglia v1 cBK c208d208 00102ddc406257_82000000000000071aPAULUSbPAULUSd2012-04-11l0o257.820r2012-04-11 00:00:00w2012-04-11yBKzInserito da: In data: n.d. fondo: Via A.Severo 56 Progr:18064